Cristalitos de vida : (Registro nro. 13585)

Detalles MARC
000 -LIDER
fixed length control field 01009nam a2200301 a 4500
001 - NÚMERO DE CONTROL
Identificador de número de control
003 - IDENTIFICACDOR DE NÚMERO DE CONTROL
control field DO-SdBNP
005 - DATE AND TIME OF LATEST TRANSACTION
control field 20210720120626.0
008 - ELEMENTOS DE LONGITUD FIJA
fixed length control field 090818t2008 dr a 001 j spa d
020 ## - ISBN
International Standard Book Number 9789945068757
040 ## - FUENTE DE CATALOGACIÓN
Agencia que crea de manera original el registro BPMSU
Idioma de catalogación spa
Agencia que realiza la transcripción BPMSU
049 ## - LOCAL HOLDINGS (OCLC)
Holding library
082 ## - NÚMERO DE CLASIFICACIÓN DECIMAL DE DEWEY
Classification number RD863.44
Item number M385cri 2008
Edition number 22
100 1# - ASIENTO PRINCIPAL -- NOMBRE PERSONAL
Nombre personal Martínez, Ana Teresa
245 10 - MENCIÓN DE TITULO
Título Cristalitos de vida :
Subtítulo aprendiendo ciencias de la naturaleza a través del cuento /
Mención de responsabilidad Ana Teresa Martínez Vd. Beltré ; prólogo Joel Rivera.
260 ## - PUBLICACIÓN, DISTRIBUCIÓN, ETC. (PIE DE IMPRENTA)
Lugar de publicación, distribución, etc Santo Domingo, :
Nombre del editor, distribuidor, etc. Mediabyte,
Fecha de publicación, distribución, etc 2008.
300 ## - DESCRIPCIÓN FÍSICA
Extensión 221 p. :
Otros detalles físicos il. ;
Dimensiones 23 cm.
500 ## - NOTA GENERAL
Nota general Incluye datos biográficos de la autora en las solapas.
590 ## - NOTA LOCAL
Enlace Inventariado, 2021/VM
650 #4 - ENCABEZAMIENTO DE MATERIA--TEMÁTICO
Término temático o nombre geográfico como elemento de entrada Ciencias naturales
Subdivisión temática general Enseñanza
-- Cuentos
650 #4 - ENCABEZAMIENTO DE MATERIA--TEMÁTICO
Término temático o nombre geográfico como elemento de entrada Cuentos dominicanos
650 #4 - ENCABEZAMIENTO DE MATERIA--TEMÁTICO
Término temático o nombre geográfico como elemento de entrada Cuentos infantiles dominicanos
650 #4 - ENCABEZAMIENTO DE MATERIA--TEMÁTICO
Término temático o nombre geográfico como elemento de entrada Literatura infantil dominicana
650 #4 - ENCABEZAMIENTO DE MATERIA--TEMÁTICO
Término temático o nombre geográfico como elemento de entrada Literatura dominicana.
700 1# - ASIENTO SECUNDARIO -- NOMBRE PERSONAL
Nombre personal Rivera, Joel,
Mención de responsabilidad pról.
910 ## - VALIDACIÓN
Validación VMateo V.
942 ## - ADDED ENTRY ELEMENTS (KOHA)
Source of classification or shelving scheme Dewey Decimal Classification
Koha item type Libros
Existencias
Withdrawn status Lost status Source of classification or shelving scheme Damaged status Not for loan Collection code Home library Current library Date acquired Source of acquisition Total Checkouts Full call number Barcode Date last seen Price effective from Koha item type
    Dewey Decimal Classification     Colección Infantil Dominicana Biblioteca Pública Metropolitana Salomé Ureña Biblioteca Pública Metropolitana Salomé Ureña 07/20/2021 Autora   BPMSU CID RD863.44 M385cri 2008 BPMSU21070023 07/20/2021 07/20/2021 Libros